| 000 | 01425cam a2200313 a 4500 | ||
|---|---|---|---|
| 999 |
_c1179 _d1179 |
||
| 003 | OSt | ||
| 005 | 20210624081630.0 | ||
| 008 | 210624b ||||| |||| 00| 0 eng d | ||
| 020 | _a0131523597 | ||
| 020 | _a9780131523593 | ||
| 035 | _a60791495 | ||
| 040 | _cALUPE UNIVERSITY | ||
| 050 | 0 | 0 |
_aPE1408 _b.H6644 2006 |
| 082 | 0 | 0 |
_a808/.042 _222 |
| 100 | 1 |
_aOshima, Alice. _0http://id.loc.gov/authorities/names/n87132955 |
|
| 245 | 1 | 0 |
_aWriting academic English / _cAlice Oshima, Ann Hogue. |
| 250 | _a4th ed. | ||
| 260 |
_aWhite Plains, NY : _bPearson/Longman, _cc2006. |
||
| 300 |
_axi, 337 p. : _bill. ; _c28 cm. |
||
| 500 | _aIncludes index. | ||
| 505 | 0 | _apt. 1. Writing a paragraph -- pt. 2. Writing an essay -- pt. 3. Sentence structure. | |
| 650 | 0 |
_aEnglish language _xRhetoric _vHandbooks, manuals, etc. _0http://id.loc.gov/authorities/subjects/sh2008103156 |
|
| 650 | 0 |
_aEnglish language _xGrammar _vHandbooks, manuals, etc. _0http://id.loc.gov/authorities/subjects/sh2008103117 |
|
| 650 | 0 |
_aEnglish language _vTextbooks for foreign speakers. _0http://id.loc.gov/authorities/subjects/sh85043745 |
|
| 650 | 0 |
_aAcademic writing _vHandbooks, manuals, etc. _0http://id.loc.gov/authorities/subjects/sh2007100499 |
|
| 650 | 0 |
_aReport writing _vHandbooks, manuals, etc. _0http://id.loc.gov/authorities/subjects/sh2008110708 |
|
| 700 | 1 |
_aHogue, Ann. _0http://id.loc.gov/authorities/names/n87132960 |
|
| 942 |
_2lcc _cBK _nMM |
||